<?xml version="1.0" encoding="UTF-8"?>
<record
    xmlns:xsi="http://www.w3.org/2001/XMLSchema-instance"
    xsi:schemaLocation="http://www.loc.gov/MARC21/slim http://www.loc.gov/standards/marcxml/schema/MARC21slim.xsd"
    xmlns="http://www.loc.gov/MARC21/slim">

  <leader>02943nam a2200301 u 4500</leader>
  <controlfield tag="001">1501474</controlfield>
  <controlfield tag="005">20260508092702.0</controlfield>
  <controlfield tag="007">co|||||||</controlfield>
  <controlfield tag="008">180731s2018                        spa  </controlfield>
  <datafield tag="035" ind1=" " ind2=" ">
    <subfield code="a">1501474</subfield>
  </datafield>
  <datafield tag="040" ind1=" " ind2=" ">
    <subfield code="c">comduadb</subfield>
  </datafield>
  <datafield tag="041" ind1=" " ind2=" ">
    <subfield code="a">spa</subfield>
  </datafield>
  <datafield tag="080" ind1=" " ind2=" ">
    <subfield code="a">WA</subfield>
  </datafield>
  <datafield tag="100" ind1="1" ind2="0">
    <subfield code="a">Zuleta Ochoa, Diana Patricia</subfield>
    <subfield code="4">aut</subfield>
    <subfield code="e">aut</subfield>
    <subfield code="9">776197</subfield>
  </datafield>
  <datafield tag="245" ind1="1" ind2="0">
    <subfield code="a">Diagn&#xF3;stico de los residuos generados en la atenci&#xF3;n en salud y otras actividades en establecimientos del municipio de Santa B&#xE1;rbara, Antioquia en el primer semestre del a&#xF1;o 2018</subfield>
  </datafield>
  <datafield tag="260" ind1=" " ind2=" ">
    <subfield code="a">Medell&#xED;n :</subfield>
    <subfield code="b">Autor(a),</subfield>
    <subfield code="c">2018.</subfield>
  </datafield>
  <datafield tag="300" ind1=" " ind2=" ">
    <subfield code="a">CD-ROM</subfield>
  </datafield>
  <datafield tag="520" ind1="3" ind2=" ">
    <subfield code="a">Objetivo: diagnosticar el manejo de los residuos peligrosos, hospitalarios y similares que se dan en los establecimientos generadores que no cuentan con PGIRASA del municipio de Santa B&#xE1;rbara Antioquia, en el primer semestre del a&#xF1;o 2018. Metodolog&#xED;a: se realiz&#xF3; un estudio descriptivo de corte transversal, en el que se estudiaron 15 establecimientos generadores de residuos peligrosos, hospitalarios y similares del municipio de Santa B&#xE1;rbara, Antioquia, d&#xF3;nde por medio de listas de chequeo y encuestas, se recolectaron, describieron y se analizaron los datos sobre el manejo de estos residuos que presentan los establecimientos generadores. Resultados: de los hallazgos obtenidos se identific&#xF3; que un 80% de los establecimientos realizan un inadecuado manejo de los residuos, ya que mezclan los residuos ordinarios con los residuos peligrosos, adem&#xE1;s, al no poseer contrato con empresa gestora de los residuos peligrosos, los residuos cortopuzantes permanecen un tiempo prolongado en los guardianes que el permitido incumpliendo la norma y realizando su disposici&#xF3;n final en el relleno sanitario. Conclusiones: se reconoce que a pesar de que los generadores han recibido en alg&#xFA;n momento capacitaci&#xF3;n acerca del manejo de los residuos peligrosos, hospitalarios y similares, esta investigaci&#xF3;n permite evidenciar que los generadores no lo realizan de manera adecuada, adem&#xE1;s desconocen la normativa y omiten realizar muchas actividades, por esto es necesario que para tener una mejora continua en la gesti&#xF3;n integral de estos residuos, los generadores, autoridades y gestores, trabajen articuladamente para identificar falencias y tomar acciones correctivas.</subfield>
  </datafield>
  <datafield tag="650" ind1=" " ind2=" ">
    <subfield code="a">Santa Barbara (Antioquia)</subfield>
    <subfield code="9">21274</subfield>
  </datafield>
  <datafield tag="650" ind1=" " ind2=" ">
    <subfield code="a">Plan de Gesti&#xF3;n de Residuos Hospitalarios y Similares (PGIRH)</subfield>
    <subfield code="9">188495</subfield>
  </datafield>
  <datafield tag="650" ind1=" " ind2=" ">
    <subfield code="a">Gesti&#xF3;n de residuos</subfield>
    <subfield code="9">157714</subfield>
  </datafield>
  <datafield tag="650" ind1=" " ind2="7">
    <subfield code="a">Residuos peligrosos</subfield>
    <subfield code="2">lemb</subfield>
    <subfield code="9">20348</subfield>
  </datafield>
  <datafield tag="700" ind1="1" ind2="0">
    <subfield code="a">Restrepo Valoyes, Gisela Patricia</subfield>
    <subfield code="4">aut</subfield>
    <subfield code="e">aut</subfield>
    <subfield code="9">774768</subfield>
  </datafield>
  <datafield tag="700" ind1="1" ind2="0">
    <subfield code="a">M&#xFA;nera Villa, Luisa Fernanda</subfield>
    <subfield code="4">aut</subfield>
    <subfield code="e">aut</subfield>
    <subfield code="9">774412</subfield>
  </datafield>
  <datafield tag="700" ind1="1" ind2="0">
    <subfield code="a">Jaramillo Ramirez, Laura Catalina</subfield>
    <subfield code="4">ths</subfield>
    <subfield code="e">ths</subfield>
    <subfield code="9">505736</subfield>
  </datafield>
  <datafield tag="942" ind1=" " ind2=" ">
    <subfield code="c">TESIS</subfield>
  </datafield>
  <datafield tag="999" ind1=" " ind2=" ">
    <subfield code="c">782335</subfield>
    <subfield code="d">782335</subfield>
  </datafield>
  <datafield tag="500" ind1=" " ind2=" ">
    <subfield code="a">Tesis (Administrador de Servicios de Salud con &#xC9;nfasis en Gesti&#xF3;n Sanitaria y Ambiental). Universidad de Antioquia. Facultad Nacional de Salud P&#xFA;blica - T&#xED;tulo del grado otorgado</subfield>
  </datafield>
  <datafield tag="952" ind1=" " ind2=" ">
    <subfield code="0">0</subfield>
    <subfield code="1">0</subfield>
    <subfield code="4">0</subfield>
    <subfield code="7">0</subfield>
    <subfield code="8">AUDIOVISUA</subfield>
    <subfield code="a">BSP</subfield>
    <subfield code="b">BSP</subfield>
    <subfield code="d">2018-07-31</subfield>
    <subfield code="e">Material adquirido por donaci&#xF3;n</subfield>
    <subfield code="i">C1291384</subfield>
    <subfield code="l">0</subfield>
    <subfield code="o">WA788 Z8-18 CD-ROM</subfield>
    <subfield code="p">01007342</subfield>
    <subfield code="r">2023-05-04 00:00:00</subfield>
    <subfield code="t">1</subfield>
    <subfield code="w">2023-05-04</subfield>
    <subfield code="y">DIGITAL</subfield>
  </datafield>
</record>
